Finanční řízení stavebního podniku

Finančné riadenie stavebného podniku, so zameraním na problematiky manažmentu, jeho úlohami, cieľmi, závislosťami od veľkosti stavebného podniku a vývoja stavebnej výroby. Riziká vyskytujúce sa v stavebníctve. Kontroling a reporting v stavebnom podniku Metrostav, a. s., ktorý je prítomný v siedmych...

ver descrição completa

Na minha lista:
Detalhes bibliográficos
Autor principal: Antošová, Karolína
Formato: Capítulo de Livro
Idioma:tcheco
Assuntos:
Tags: Adicionar Tag
Sem tags, seja o primeiro a adicionar uma tag!

MARC

LEADER 00000naa a2200000 4500
001 0286261
005 20220615162830.3
041 0 |a cze 
044 |a CZ 
245 1 0 |a Finanční řízení stavebního podniku  |c Karolína Antošová 
520 |a Finančné riadenie stavebného podniku, so zameraním na problematiky manažmentu, jeho úlohami, cieľmi, závislosťami od veľkosti stavebného podniku a vývoja stavebnej výroby. Riziká vyskytujúce sa v stavebníctve. Kontroling a reporting v stavebnom podniku Metrostav, a. s., ktorý je prítomný v siedmych európskych krajinách, s priblížením prostriedkov a nástrojov, ktorými sa riadi finančné riadenie v tomto podniku. 
610 2 0 |a riadenie finančné 
610 2 0 |a manažment finančný 
610 2 0 |a podnik stavebný 
610 2 0 |a kontroling 
610 2 0 |a reporting 
610 2 0 |a výkaz ziskov a strát 
610 2 0 |a nástroje finančné 
610 2 0 |a prostriedky podnikové 
610 2 0 |a analýza finančná 
610 2 0 |a výroba stavebná 
100 1 |a Antošová, Karolína